| 000 | 00495nam a22001937a 4500 | ||
|---|---|---|---|
| 005 | 20260515114914.0 | ||
| 008 | 211221b ||||| |||| 00| 0 eng d | ||
| 020 | _a9789391060473 | ||
| 040 |
_aIN-DiNC _cIN-DiNC |
||
| 041 | _deng | ||
| 082 |
_a320.954162 _bDAS |
||
| 100 |
_aDas Deepan _eauthor |
||
| 245 |
_aContemporary politics in assam _cby Deepan Das |
||
| 250 | _a1st ed. | ||
| 260 |
_aDibrugarh _bBanalata _c2021 |
||
| 300 | _a231p. | ||
| 650 | _aPolitics in assam | ||
| 942 |
_2ddc _cBK |
||
| 999 |
_c11241 _d11241 |
||